000 00314nam a22001337a 4500
003 MPLRDC
005 20220104184756.0
008 210129b ||||| |||| 00| 0 eng d
082 _aDISC
100 _a金英爱
245 _a韩语单字轻松记 (MP3版) --1 DISC
_c
650 _a韩语
942 _cCDA
_oDISC
999 _c63029
_d63019